| Tag |
First Indicator |
Second Indicator |
Subfields |
| LEADER |
00000cam a2200000 a 4500 |
| 001 |
in00000070695 |
| 005 |
20151008061850.0 |
| 008 |
760326s1966 iau b 00010 eng d |
| 035 |
|
|
|a (OCoLC)02071395
|
| 035 |
|
|
|9 AAJ9008AM
|
| 040 |
|
|
|a ZIH
|c ZIH
|d TXA
|d UtOrBLW
|
| 049 |
|
|
|a TXAM
|c [1480790]
|
| 090 |
|
|
|a LB2353
|b .R5
|
| 100 |
1 |
|
|a Richards, James M.,
|q (James McDowell),
|d 1931-
|
| 245 |
1 |
0 |
|a Can computers write college admissions tests? /
|c James M. Richards, Jr.
|
| 264 |
|
1 |
|a Iowa City, Iowa :
|b Research and Development Division, American College Testing Program,
|c 1966.
|
| 300 |
|
|
|a 10 pages, 1 unnumbered page ;
|c 28 cm.
|
| 336 |
|
|
|a text
|b txt
|2 rdacontent
|
| 337 |
|
|
|a unmediated
|b n
|2 rdamedia
|
| 338 |
|
|
|a volume
|b nc
|2 rdacarrier
|
| 490 |
1 |
|
|a ACT research reports ;
|v no. 15
|
| 500 |
|
|
|a Cover title.
|
| 504 |
|
|
|a Bibliography: page [11].
|
| 650 |
|
0 |
|a Universities and colleges
|x Examinations.
|
| 830 |
|
0 |
|a ACT research report ;
|v no. 15.
|
| 999 |
|
|
|a MARS
|
| 999 |
f |
f |
|s f8b273ba-652a-34b1-9531-e83e3b0ab7d7
|i 73cfaa63-3006-39ec-b3cd-d843760118bd
|t 0
|
| 952 |
f |
f |
|p normal
|a Texas A&M University
|b College Station
|c Sterling C. Evans Library
|d Evans: Library Stacks
|t 0
|e LB2353 .R5
|h Library of Congress classification
|i unmediated -- volume
|m A14811222442
|
| 998 |
f |
f |
|a LB2353 .R5
|t 0
|l Evans: Library Stacks
|